| 000 | 00448cam a2200181ua 4500 | ||
|---|---|---|---|
| 020 | _c8.40 | ||
| 041 |
_aeng _h |
||
| 082 |
_a823.308 _bBUC/FI |
||
| 100 | _aBuck, Pearl S.. | ||
| 245 |
_aFighting angel : Portrait of a soul / _cPearl S. Buck. _hTextual Documents |
||
| 260 |
_aLondon : _bMethuen and Co. Ltd , _c1956. |
||
| 300 | _a273 ; . | ||
| 365 | _a8.40 | ||
| 504 | _a | ||
| 942 | _cBK | ||
| 999 |
_c3134 _d3134 |
||